000 00998nam0a22002651 4500
001 rc\2195912
005 20110829164542.8
035 _a(NLR Aleph) 006613845
090 _a7377479
_c7377479
100 _a20110829d1979 |||y0rusy50 ca
101 0 _arus
102 _aRU
105 _aab z |||||
200 1 _aМетодическое руководство по выбору рациональных типов грузовых автомобилей при планировании
_fИн-т комплекс. трансп. пробл. при Госплане СССР
_g[Разраб. к. т .н. А.А. Чеботаевым]
210 _aМосква
_cБ. и.
_d1979
215 _a61 с.
_cсхем., карт.
_d20
320 _aБиблиогр.: с. 59-60
333 _aДСП. Экз. № 8
702 1 _aЧеботаев
_bА. А.
_4220
801 0 _aRU
_bNLR
_gpsbo
801 1 _aRU
_bELAR
_2rusmarc
852 _aNLR
_j79-50К/5709
899 _aRuMoRGB
_jСХ
942 _cBOOK
980 _aNB